000 01066nam a2200277Ia 4500
003 OSt
005 20221005111949.0
006 a|||||r|||| 00| 0
007 ta
008 221004b |||||||| |||| 00| 0 san d
020 _c595
024 _a14816
037 _b145, 28/10/2014, Eastern Book Linkers
_cTextual
040 _aCRL
_cCRL
_bsan
041 _2san
_asan
082 _aO15:gx8,1, 152Q3
100 _aमम्मट
245 0 _aकाव्यप्रकाशः
246 _aKāvyaprakāshah
260 _aवाराणसी
_bचौखम्भा संस्कृत संस्थान भारत
_c2013
300 _a234पृ0
_ccm.
650 _aसंस्कृत साहित्य
700 _a चतुर्वेदी, रघुनाथप्रसाद, अनु.
_9624268
942 _hO15:gx8,1, 152Q3
_cTEXL
_2cc
999 _c1023427
_d1023427